00419nam a22001457a 450000500170000000800410001702000150005804100130007308200140008610000130010024500670011326000560018030000120023665000250024820231117120845.0231117b |||||||| |||| 00| 0 eng d a0409116645 aEnglish  a343.4 SIL lEnglish  aSilke on South African Income Tax : bIncome Tax Act 1998/1999 aDurban : bButterworth Publishers (Pty) Ltd, c1998 c25 cm.  aLegal practice bLaw